00518nam a22001337a 4500003000500000038001800005082000800023100003000031245017000061264003300231650002100264700004100285856005800326NUST aNusrat Nadeem a200 aMuhammad, Abaid Ur Rehman aComputational Fluid Dynamics (CFD) Analysis of Hemodynamics in Vascular Diseases and Study of Boundary Layer Flow Over Deformable SurfacescMuhammad, Abaid Ur Rehman aIslamabad:bSNS NUST.c2025. aPhD-Mathematics  aSupervisor: Dr. Muhammad Asif Farooq u http://10.250.8.41:8080/xmlui/handle/123456789/54329